[Event "Charity Cup - Preliminari"]
[Site "Internet"]
[Date "19.03.2022"]
[Round "4"]
[White "Ju Wenjun"]
[Black "Van Foreest, Jorden"]
[Result "1/2-1/2"]
[WhiteElo "2560"]
[BlackElo "2714"]
[EventDate "19.03.2022"]

1. d4 Nf6 2. c4 e6 3. Nc3 Bb4 4. e3 O-O 5. Bd3 d5 6. Nf3 dxc4 7. Bxc4 a6 8.
O-O b5 9. Be2 Bb7 10. a4 bxa4 11. Nxa4 Nbd7 12. Bd2 a5 13. Bxb4 axb4 14.
Nd2 Qe7 15. Qc2 Rfc8 16. Nb3 Be4 17. Bd3 Bxd3 18. Qxd3 e5 19. Nac5 Nxc5 20.
Nxc5 h6 21. Qc4 exd4 22. Qxd4 Rab8 23. h3 Rd8 24. Qc4 Rb6 25. Rfc1 Qe5 26.
Nd3 Qe7 27. Ra7 Ne8 28. Raa1 Nd6 29. Qc5 b3 30. Nf4 Rb7 31. Nd5 Qe5 32.
Rab1 c6 33. Nf4 Qxc5 34. Rxc5 Rb6 35. Rd1 Nb7 36. Rxd8+ Nxd8 37. Rc3 Nb7
38. Ne2 c5 39. Nc1 Rd6 40. Nxb3 Rb6 41. g4 Rb4 42. Kg2 g6 43. Nxc5 Nxc5 44.
Rxc5 Rxb2 45. h4 Kg7 46. Kg3 Re2 47. Kf3 Re1 48. Kf4 Rh1 49. h5 g5+ 50. Ke4
Rf1 51. f3 Re1 52. Rb5 Re2 53. Rb3 Kf6 54. Ra3 Re1 55. Ra6+ Kg7 56. Ra5 Re2
57. Rf5 Re1 58. Re5 Kf6 59. Re8 Kg7 60. Kf5 Rf1 61. f4 Rf2 62. Rd8 Rf1 63.
Rd7 Rf2 64. Ke4 gxf4 65. exf4 Re2+ 66. Kf5 Rf2 67. Rd5 Rf1 68. Ra5 Rh1 69.
Ra6 Rb1 70. Rd6 Rb5+ 71. Ke4 Rb4+ 72. Rd4 Rb1 73. Kf5 Rb5+ 74. Ke4 Rb1 75.
Rd5 Re1+ 76. Kf3 Rf1+ 77. Kg3 Rg1+ 78. Kh3 Rf1 79. Rd4 Rf3+ 80. Kh4 f6 81.
Rc4 Kf7 82. f5 Ra3 83. Rc7+ Kg8 84. Rc1 Kg7 85. Rg1 Kf7 86. Rg3 Ra1 87. Kh3
Rh1+ 88. Kg2 Ra1 89. Re3 Ra2+ 90. Kf3 Ra4 91. Re4 Ra3+ 92. Kf4 Ra1 93. Rc4
Re1 94. Kf3 Re7 95. Rc6 Kg7 96. Re6 Ra7 97. Ke4 Ra4+ 98. Kd5 Ra5+ 99. Kc6
Ra6+ 100. Kb5 Ra7 101. Rb6 Rc7 102. Rc6 Ra7 103. Rc4 Rd7 104. Kc6 Rd1 105.
Kc5 Kf7 106. Rd4 Rc1+ 107. Kd6 Ra1 108. Kd5 Ra5+ 109. Kc6 Ra6+ 110. Kb5 Ra1
111. Rd7+ Kg8 112. Kc5 Ra4 113. Rd4 Ra1 114. Rd8+ Kf7 115. Rd7+ Kg8 116.
Kd6 Ra6+ 117. Ke7 Kg7 118. Rc7 Rb6 119. Ra7 Rc6 120. Ke8+ Kg8 121. Kd7 Rb6
122. Kc7 Rb4 123. Kd6 Re4 124. Re7 Ra4 125. Rc7 Re4 126. Kd5 Re5+ 127. Kc6
Re4 128. Kd6 Re1 129. Re7 Ra1 130. Re6 Kf7 131. Re7+ Kg8 132. Re4 1/2-1/2

[Event "Charity Cup - Preliminari"]
[Site "Internet"]
[Date "19.03.2022"]
[Round "4"]
[White "Vidit Santosh Gujrathi"]
[Black "Praggnanandhaa, Rameshbabu"]
[Result "1/2-1/2"]
[WhiteElo "2723"]
[BlackElo "2619"]
[EventDate "19.03.2022"]

1. d4 Nf6 2. c4 e6 3. Nf3 d5 4. g3 dxc4 5. Bg2 c5 6. O-O Nc6 7. dxc5 Qxd1
8. Rxd1 Bxc5 9. Nbd2 c3 10. bxc3 O-O 11. Nb3 Be7 12. c4 Bd7 13. Bb2 Rfc8
14. c5 Be8 15. Nfd2 b6 16. cxb6 axb6 17. Nc4 Rab8 18. Nd6 Bxd6 19. Rxd6 Na5
20. Nxa5 bxa5 21. Be5 Rb4 22. Rad1 h6 23. Bf3 Kh7 24. Rd8 Rxd8 25. Rxd8 Bb5
26. Ra8 Ra4 27. Bc3 Rxa2 28. Rxa5 Rxa5 29. Bxa5 Bc4 30. Bc3 Bd5 31. Bxf6
Bxf3 32. Bxg7 Bxe2 33. Bb2 Bc4 34. f4 h5 35. Kf2 Kg6 36. h4 Kf5 37. Bc3 f6
38. Ke3 e5 39. fxe5 fxe5 40. Bb2 e4 41. Bc3 Bb3 42. Bb2 Bc4 43. Bc3 Bb3 44.
Bb2 Bc4 1/2-1/2

[Event "Charity Cup - Preliminari"]
[Site "Internet"]
[Date "19.03.2022"]
[Round "4"]
[White "Duda, Jan-Krzysztof"]
[Black "Lei Tingjie"]
[Result "1/2-1/2"]
[WhiteElo "2750"]
[BlackElo "2535"]
[EventDate "19.03.2022"]

1. e4 e5 2. Nf3 Nc6 3. Bc4 Nf6 4. d3 Bc5 5. c3 d6 6. Nbd2 Bb6 7. Nf1 h6 8.
Bb3 Ne7 9. h3 Ng6 10. g4 Be6 11. Ng3 Qd7 12. Nf5 O-O-O 13. Ba4 c6 14. Nxg7
Rdf8 15. Qe2 h5 16. g5 Ng8 17. Nxe6 fxe6 18. h4 N8e7 19. Bd1 Nf4 20. Qf1
Neg6 21. Kd2 Rh7 22. Kc2 Rhf7 23. a4 d5 24. a5 Bc7 25. Be3 Kb8 26. Kb1 Bd6
27. Bc2 c5 28. Ne1 d4 29. Bd2 Ng2 30. f3 Nxe1 31. Qxe1 Bc7 32. Ra3 Rxf3 33.
Bd1 Rxd3 34. Bxh5 Nf4 35. Be2 dxc3 36. Bxf4 c2+ 37. Kxc2 Rxa3 38. bxa3 Qa4+
39. Kb2 exf4 40. Qd1 Be5+ 41. Ka2 Qxa5 42. Rh3 c4 43. Bxc4 f3 44. Rxf3 Rxf3
45. Qxf3 Qd2+ 46. Kb3 Qd6 47. h5 Qb6+ 48. Kc2 Qb2+ 49. Kd1 Qa1+ 50. Ke2
Qb2+ 51. Kf1 Qc1+ 52. Kg2 Qxc4 53. h6 Qc2+ 54. Kh3 Qh2+ 55. Kg4 a6 56. a4
Ka8 57. Qf8+ Ka7 58. Qc5+ Kb8 59. Qf8+ Ka7 60. Qc5+ Kb8 61. Qf8+ Ka7
1/2-1/2

[Event "Charity Cup - Preliminari"]
[Site "Internet"]
[Date "19.03.2022"]
[Round "4"]
[White "Harikrishna, Pentala"]
[Black "Rapport, Richard"]
[Result "1/2-1/2"]
[WhiteElo "2716"]
[BlackElo "2762"]
[EventDate "19.03.2022"]

1. e4 e5 2. Nf3 Nc6 3. Bb5 a6 4. Ba4 Nf6 5. O-O Be7 6. Re1 b5 7. Bb3 d6 8.
c3 O-O 9. h3 Na5 10. Bc2 c5 11. d4 Qc7 12. Nbd2 cxd4 13. cxd4 Nc6 14. Nb3
a5 15. Be3 a4 16. Nbd2 Bd7 17. a3 Qb7 18. Bd3 Rfe8 19. Rc1 Bd8 20. dxe5
Nxe5 21. Nxe5 dxe5 22. Qe2 g6 23. Nf3 Nxe4 24. Nxe5 Nc3 25. Qc2 Rxe5 26.
Qxc3 Re6 27. Red1 Ba5 28. b4 axb3 29. Qxb3 Bb6 30. Bh6 Bxf2+ 31. Kxf2 Qb6+
32. Kg3 Qd6+ 33. Kf2 Qd4+ 34. Kg3 Qd6+ 35. Kf2 Qb6+ 36. Kg3 Qd6+ 1/2-1/2

[Event "Charity Cup - Preliminari"]
[Site "Internet"]
[Date "19.03.2022"]
[Round "4"]
[White "Ding Liren"]
[Black "Carlsen, Magnus"]
[Result "1-0"]
[WhiteElo "2799"]
[BlackElo "2864"]
[EventDate "19.03.2022"]

1. d4 Nf6 2. c4 g6 3. f3 e6 4. e4 c5 5. d5 d6 6. Nc3 exd5 7. cxd5 Bg7 8.
Bg5 h6 9. Be3 a6 10. a4 O-O 11. Qd2 Re8 12. Bc4 Nbd7 13. Be2 Ne5 14. Bxh6
Nxe4 15. Nxe4 Qh4+ 16. g3 Qxh6 17. Qxh6 Bxh6 18. Nf6+ Kf8 19. Nxe8 Kxe8 20.
h4 Bd7 21. h5 g5 22. Nh3 g4 23. fxg4 Nxg4 24. Bxg4 Bxg4 25. Nf4 Kd7 26. Kf2
Bg7 27. Kg2 Bf5 28. Kf3 Bxb2 29. Rab1 Bxb1 30. Rxb1 Be5 31. Rxb7+ Ke8 32.
g4 Rc8 33. g5 c4 34. g6 fxg6 35. hxg6 Kf8 36. Ne6+ Kg8 37. Ke2 c3 38. Kd1
a5 39. Kc2 Ra8 40. Rb5 Bf6 41. Rb6 Be5 42. Rb7 Bf6 43. Rc7 Be5 44. Kd3 Bf6
45. Ke4 Be5 46. Kf5 Rb8 47. Kg5 Ra8 48. Kh6 Re8 49. g7 1-0

[Event "Charity Cup - Preliminari"]
[Site "Internet"]
[Date "20.03.2022"]
[Round "5"]
[White "Navara, David"]
[Black "Ding Liren"]
[Result "1/2-1/2"]
[WhiteElo "2700"]
[BlackElo "2799"]
[EventDate "2022.03.19"]

1. d4 Nf6 2. c4 e6 3. Nf3 d5 4. Nc3 Bb4 5. Bg5 dxc4 6. e4 h6 7. Bxf6 Qxf6
8. Bxc4 c5 9. O-O cxd4 10. e5 Qd8 11. Ne4 O-O 12. Qe2 Be7 13. Rfd1 Qa5 14.
Ng3 b5 15. Bxb5 Bb7 16. Nxd4 a6 17. Bd3 Nd7 18. Nb3 Qa4 19. Bc2 Rad8 20.
Be4 Bxe4 21. Rd4 Qb5 22. Rxe4 Nc5 23. Nxc5 Bxc5 24. Rc1 Rd5 25. h4 Bd4 26.
b3 Bxe5 27. Nf1 Bd4 28. Qxb5 axb5 29. Ne3 Bxe3 30. Rxe3 Rd2 31. a4 bxa4 32.
bxa4 Ra2 33. Rc4 Ra8 34. Ree4 g5 35. hxg5 hxg5 36. Rc5 R8xa4 37. Rxg5+ Kf8
38. Rxa4 Rxa4 39. g3 Ke7 40. Kg2 Ra3 41. Rh5 Rb3 42. Ra5 Kf6 43. Rc5 Rb2
44. Ra5 Rb3 45. Rc5 Rb2 46. Ra5 Rb3 1/2-1/2

[Event "Charity Cup - Preliminari"]
[Site "Internet"]
[Date "20.03.2022"]
[Round "5"]
[White "Lei Tingjie"]
[Black "Harikrishna, Pentala"]
[Result "0-1"]
[WhiteElo "2535"]
[BlackElo "2716"]
[EventDate "2022.03.19"]

1. e4 e5 2. Nf3 Nc6 3. Bc4 Nf6 4. Ng5 d5 5. exd5 Na5 6. Bb5+ c6 7. dxc6
bxc6 8. Bd3 Nd5 9. Nf3 Bd6 10. O-O Nf4 11. Nc3 Nxd3 12. cxd3 O-O 13. b3 Re8
14. Re1 f6 15. Ne4 Bf8 16. Bb2 c5 17. Ba3 Nc6 18. Qc1 Nb4 19. d4 Bg4 20.
Nxc5 Bxf3 21. Bxb4 Qxd4 22. Qc4+ Qxc4 23. bxc4 Bh5 24. Na6 Rac8 25. d3 Red8
26. Bxf8 Kxf8 27. Nb4 a5 28. Nd5 Bf7 29. Rec1 Bxd5 30. cxd5 Rxc1+ 31. Rxc1
Rxd5 32. Rc3 e4 33. d4 Rxd4 34. g3 Kf7 35. Kg2 a4 36. Rc7+ Kg6 37. Ra7 e3
38. fxe3 Rd2+ 39. Kf3 Rxa2 40. g4 a3 41. h4 h5 42. gxh5+ Kh6 43. Ra5 Ra1
44. Kg3 Kh7 45. Ra8 f5 46. Ra6 Kg8 47. Ra7 a2 48. Kg2 Kf8 49. Kh2 Ke8 50.
Kg2 Kd8 51. Kh2 Kc8 52. Kg2 Kb8 53. Ra4 Kb7 54. Kh2 Kb6 55. Kg2 Kb5 56. Ra8
Kc4 57. Ra3 Kb4 58. Ra8 Kb3 59. Rb8+ Kc3 60. Ra8 Kd3 61. Ra3+ Ke4 62. Kh2
Kf3 63. h6 gxh6 64. h5 Kf2 0-1

[Event "Charity Cup - Preliminari"]
[Site "Internet"]
[Date "20.03.2022"]
[Round "5"]
[White "Praggnanandhaa, Rameshbabu"]
[Black "Duda, Jan-Krzysztof"]
[Result "0-1"]
[WhiteElo "2619"]
[BlackElo "2750"]
[EventDate "2022.03.19"]

1. d4 Nf6 2. c4 e6 3. Nc3 Bb4 4. Nf3 Bxc3+ 5. bxc3 d6 6. Qc2 O-O 7. e4 e5
8. Bd3 Nc6 9. Rb1 h6 10. h3 b6 11. O-O Nd7 12. Be3 Ba6 13. Nd2 Na5 14. Qa4
Qe8 15. f4 Nf6 16. Qc2 Nd7 17. Rbe1 Rd8 18. Kh1 f6 19. Bg1 Rf7 20. Be2 Re7
21. Qd1 Kh8 22. Bd3 Nf8 23. f5 c6 24. Bh2 b5 25. Nf3 Nxc4 26. Bxc4 bxc4 27.
Qc2 Rb8 28. Rd1 c5 29. dxc5 dxc5 30. Rd5 Reb7 31. Nxe5 fxe5 32. Bxe5 Rd8
33. f6 Kg8 34. Rxd8 Qxd8 35. fxg7 Ng6 36. Bf6 Qd3 37. Qc1 Rf7 38. Rf3 Qxe4
39. Re3 Qc6 40. Bd8 Bb7 41. Rg3 Nf4 42. Kh2 Ne2 0-1

[Event "Charity Cup - Preliminari"]
[Site "Internet"]
[Date "20.03.2022"]
[Round "5"]
[White "Van Foreest, Jorden"]
[Black "Vidit Santosh Gujrathi"]
[Result "1/2-1/2"]
[WhiteElo "2714"]
[BlackElo "2723"]
[EventDate "2022.03.19"]

1. d4 Nf6 2. c4 e6 3. Nf3 d5 4. Nc3 c5 5. cxd5 cxd4 6. Qxd4 exd5 7. e4 dxe4
8. Qxd8+ Kxd8 9. Ng5 Be6 10. Bf4 Bb4 11. O-O-O+ Ke7 12. a3 Bxc3 13. Bd6+
Ke8 14. bxc3 h6 15. Bb5+ Bd7 16. Nxe4 Nxe4 17. Rhe1 f5 18. Bxd7+ Nxd7 19.
f3 Ndf6 20. fxe4 fxe4 21. Be5 Rf8 22. Kc2 Rd8 23. Bxf6 Rxd1 24. Rxe4+ Kf7
25. Kxd1 Kxf6 26. Ke2 Rd8 27. Ra4 a6 28. Rb4 b5 29. a4 Rd5 30. axb5 axb5
31. c4 bxc4 32. Rxc4 Kg6 33. Rc2 Kh7 34. Kf2 Rf5+ 35. Kg1 Re5 36. Kf2 Rf5+
37. Kg1 Re5 38. Kf2 Rf5+ 1/2-1/2

[Event "Charity Cup - Preliminari"]
[Site "Internet"]
[Date "20.03.2022"]
[Round "5"]
[White "Anton, David"]
[Black "Ju Wenjun"]
[Result "1-0"]
[WhiteElo "2694"]
[BlackElo "2560"]
[EventDate "2022.03.19"]

1. Nf3 d5 2. c4 d4 3. b4 c5 4. a3 f6 5. g3 e5 6. Bg2 Nd7 7. O-O cxb4 8. e3
dxe3 9. fxe3 Nh6 10. d4 Be7 11. axb4 Bxb4 12. Qb3 Be7 13. c5 Nf7 14. Nc3
O-O 15. Rd1 exd4 16. exd4 f5 17. Nd5 Nf6 18. Nb6 axb6 19. Rxa8 bxc5 20. Ng5
Ne4 21. Nxf7 Rxf7 22. Bxe4 fxe4 23. Be3 Qf8 24. dxc5 h6 25. Qd5 Bf6 26. c6
b5 27. c7 1-0

[Event "Charity Cup - Preliminari"]
[Site "Internet"]
[Date "23.12.06"]
[Round "5"]
[White "Jones, Gawain."]
[Black "Le Quang,L."]
[Result "0-1"]
[WhiteElo "2672"]
[BlackElo "2709"]
[PlyCount "52"]
[EventDate "2022.03.19"]

1. e4 e5 2. Nf3 Nc6 3. Bc4 Nf6 4. d3 Bc5 5. O-O d6 6. c3 O-O 7. Re1 Bb6 8. h3
Ne7 9. d4 Ng6 10. Bb3 c6 11. Nbd2 exd4 12. cxd4 d5 13. e5 Nh5 14. Nf1 Nhf4 15.
Be3 f6 16. Ng3 fxe5 17. dxe5 Nh4 18. Nxh4 Qxh4 19. Qd2 Bxh3 20. gxh3 Bxe3 21.
Qxe3 Nxh3+ 22. Kg2 Rxf2+ 23. Qxf2 Nxf2 24. Kxf2 Qh2+ 25. Kf3 Rf8+ 26. Kg4 g5
0-1

[Event "Charity Cup - Preliminari"]
[Site "Internet"]
[Date "20.03.2022"]
[Round "6"]
[White "Niemann, Hans Moke"]
[Black "Van Foreest, Jorden"]
[Result "1/2-1/2"]
[WhiteElo "2642"]
[BlackElo "2709"]
[EventDate "2022.03.19"]

1. c4 Nf6 2. Nc3 e6 3. e4 d5 4. e5 d4 5. exf6 dxc3 6. bxc3 Qxf6 7. Bd3 Nc6
8. Nf3 Ne5 9. Be4 Nxf3+ 10. Bxf3 Qe5+ 11. Kf1 Be7 12. g3 O-O 13. Kg2 Qa5
14. Qb3 Rd8 15. d4 Rb8 16. Bf4 Bd7 17. Rhe1 Bd6 18. Be3 c5 19. dxc5 Bxc5
20. Bf4 Ba4 21. Qb1 Bd6 22. Bxd6 Rxd6 23. Qb4 Qa6 24. c5 Rd2 25. c4 Rd4 26.
Re4 Rd7 27. Qa3 Bb5 28. Qxa6 Bxa6 29. Rc1 Rc8 30. Re5 Rd4 31. Rb1 Rxc4 32.
Bxb7 Bxb7+ 33. Rxb7 Ra4 34. c6 Rxa2 35. Rc5 Kf8 36. Rc3 Ra5 37. g4 h5 38.
Rf3 f6 39. Rd3 Rd5 40. Ra3 a5 41. c7 Ke7 42. h3 hxg4 43. hxg4 Kd6 44. Ra7
Rxc7 45. R7xa5 Rxa5 46. Rxa5 e5 47. Kf3 Rc3+ 48. Ke2 Rc4 49. f3 Rf4 50. Ke3
g5 51. Ra6+ Ke7 52. Ra7+ Ke6 53. Ra6+ Kf7 54. Ra7+ Kf8 55. Ra8+ Kg7 56.
Ra7+ Kh6 57. Ra6 Kg6 58. Rb6 Rd4 59. Ra6 Kf7 60. Ra7+ Ke6 61. Ra6+ Rd6 62.
Ra5 Rb6 63. Ke4 Rc6 64. Ra4 Kd6 65. Kf5 Kd5 66. Ra3 Kd4 67. Rb3 Ra6 68. Kg6
e4 69. Rb4+ Ke3 70. fxe4 Kf4 71. Kh5 Re6 72. Rb5 Rxe4 73. Rf5+ Kg3 74. Rxf6
Rxg4 75. Rf5 Kh3 76. Rf3+ Rg3 77. Rxg3+ Kxg3 78. Kxg5 1/2-1/2

[Event "Charity Cup - Preliminari"]
[Site "Internet"]
[Date "20.03.2022"]
[Round "6"]
[White "Ju Wenjun"]
[Black "Jones, Gawain"]
[Result "0-1"]
[WhiteElo "2560"]
[BlackElo "2672"]
[EventDate "2022.03.19"]

1. d4 Nf6 2. c4 g6 3. Nc3 Bg7 4. e4 d6 5. h3 O-O 6. Be3 Nbd7 7. Nf3 e5 8.
d5 Nc5 9. Nd2 a5 10. Be2 a4 11. Bxc5 dxc5 12. Nxa4 b6 13. Nc3 Ne8 14. Qc2
f5 15. O-O-O Nd6 16. Kb1 Bh6 17. Bd3 Bxd2 18. Rxd2 Qg5 19. g3 f4 20. g4 f3
21. Rdd1 Bd7 22. Qc1 Qh4 23. Qe3 Rf4 24. Rdg1 Nf7 25. Rg3 Bxg4 26. Nb5 Rc8
27. Na7 Rf8 28. Nb5 Rc8 29. Na7 Re8 30. Nc6 Bd7 31. Rxf3 Ng5 32. Nxe5 Nxf3
33. Nxf3 Qf6 34. e5 Bf5 35. Rd1 Bxd3+ 36. Rxd3 Qf5 37. b3 Rf8 38. Nd2 Rd4
39. Kc2 Rxd3 40. Qxd3 Qxe5 41. f3 Qh2 42. Qe3 Qxh3 43. a3 Qf5+ 44. Kc3 Kg7
45. b4 Qf4 46. Qe7+ Rf7 47. Qe2 Qd4+ 48. Kc2 cxb4 49. axb4 b5 50. cxb5 Qxd5
51. Kc3 Rd7 52. Nb3 Qd6 53. Nc5 Re7 54. Ne4 Qe5+ 55. Kb3 Qd5+ 56. Kc3 h5
57. Qf1 Re5 58. Qh3 Qxb5 59. Qc8 Qc6+ 60. Kb2 Re8 61. Qh3 Rb8 62. Kb3 Qb5
0-1

[Event "Charity Cup - Preliminari"]
[Site "Internet"]
[Date "20.03.2022"]
[Round "6"]
[White "Vidit Santosh Gujrathi"]
[Black "Anton, David"]
[Result "0-1"]
[WhiteElo "2723"]
[BlackElo "2694"]
[EventDate "2022.03.19"]

1. d4 d5 2. c4 e6 3. Nf3 dxc4 4. e3 Nf6 5. Bxc4 a6 6. O-O c5 7. e4 b5 8.
Be2 Bb7 9. a4 b4 10. e5 Nd5 11. Nbd2 Be7 12. dxc5 Nd7 13. Ne4 Nxc5 14. Nxc5
Bxc5 15. a5 Ne7 16. Qa4+ Qd7 17. Qxd7+ Kxd7 18. Rd1+ Nd5 19. Ng5 f6 20.
exf6 gxf6 21. Ne4 Be7 22. Be3 Rac8 23. Bd4 Rhf8 24. Bf3 f5 25. Ng3 Rc2 26.
Nh5 Bc5 27. Bxc5 Rxc5 28. Nf4 Rfc8 29. h4 Kd6 30. g3 R8c7 31. Nd3 Rb5 32.
Be2 e5 33. Rd2 b3 34. Ra3 Rc2 35. Rxc2 bxc2 36. Ra1 e4 37. Ne1 Rxb2 38. Bf1
Nb4 39. h5 h6 40. Kh2 Ke5 41. Kg1 Kd4 42. Rc1 Kc3 0-1

[Event "Charity Cup - Preliminari"]
[Site "Internet"]
[Date "20.03.2022"]
[Round "6"]
[White "Duda, Jan-Krzysztof"]
[Black "Van Foreest, Jorden"]
[Result "1-0"]
[WhiteElo "2750"]
[BlackElo "2714"]
[EventDate "2022.03.19"]

1. c4 c6 2. Nf3 d5 3. g3 g6 4. Qa4 Nf6 5. cxd5 Nxd5 6. Bg2 Bg7 7. Nc3 O-O
8. h4 Nb6 9. Qf4 Qd6 10. h5 Qxf4 11. gxf4 Na6 12. d3 Nb4 13. Kd1 Bg4 14.
hxg6 hxg6 15. a3 N4d5 16. Ne5 Be6 17. Ne4 Rad8 18. Nc5 Bc8 19. Bh3 g5 20.
Bxc8 Rxc8 21. e4 Nxf4 22. Bxf4 gxf4 23. Kc2 Bxe5 24. Rag1+ Bg7 25. Rh2 Nd5
26. Rhg2 Nf6 27. Rxg7+ Kh8 28. R7g5 Rg8 29. Rh1+ Nh7 30. Rgh5 Rg7 31. Nxb7
Kg8 32. Nc5 Rd8 33. e5 Rd5 34. b4 a5 35. Kc3 axb4+ 36. axb4 Rd8 37. Ne4 Rd5
38. Nc5 Rd8 39. d4 Ra8 40. Kb3 f3 41. Ne4 Ra7 42. Ng3 e6 43. Ne4 f5 44.
exf6 Rg4 45. Re5 Rd7 46. Kc3 Nf8 47. Rg5+ Rxg5 48. Nxg5 Rd5 49. Rg1 Ng6 50.
f7+ Kf8 51. Nxe6+ Kxf7 52. Rxg6 Rh5 53. Rg5 1-0

[Event "Charity Cup - Preliminari"]
[Site "Internet"]
[Date "20.03.2022"]
[Round "6"]
[White "Harikrishna, Pentala"]
[Black "Praggnanandhaa, Rameshbabu"]
[Result "1/2-1/2"]
[WhiteElo "2716"]
[BlackElo "2619"]
[EventDate "2022.03.19"]

1. e4 c5 2. c3 Nf6 3. e5 Nd5 4. Nf3 d6 5. d4 cxd4 6. cxd4 Nc6 7. Bc4 dxe5
8. dxe5 Be6 9. Nbd2 g6 10. Ng5 Bg7 11. Nxe6 fxe6 12. Bb5 Qb6 13. Bxc6+ Qxc6
14. Nf3 O-O 15. O-O Rac8 16. Bd2 Qb6 17. Rb1 Rc6 18. Qa4 Rxf3 19. gxf3 Bxe5
20. Rbc1 Qxb2 21. Rxc6 bxc6 22. Bh6 Kf7 23. Qe4 Bd4 24. Bc1 Qc3 25. Rd1 e5
26. f4 Qh3 27. fxe5 Bxe5 28. Qg2 Bxh2+ 29. Kf1 Qh5 30. Rd3 Bd6 31. Qe4 Ke8
32. Bd2 Kd7 33. Qf3 Qxf3 34. Rxf3 Ke6 35. Rf8 Bc7 36. Bh6 Be5 37. Rc8 Kd7
38. Rf8 Ke6 39. Rc8 Kd7 40. Rf8 Ke6 1/2-1/2

[Event "Charity Cup - Preliminari"]
[Site "Internet"]
[Date "20.03.2022"]
[Round "6"]
[White "Ding Liren"]
[Black "Rapport, Richard"]
[Result "0-1"]
[WhiteElo "2799"]
[BlackElo "2762"]
[EventDate "2022.03.19"]

1. d4 d6 2. Nf3 Nf6 3. c4 g6 4. g3 Bg7 5. Bg2 O-O 6. O-O Bf5 7. Re1 Nc6 8.
Nc3 Ne4 9. Nd5 Bd7 10. Qc2 f5 11. Rd1 a5 12. Be3 a4 13. h4 h6 14. a3 Na5
15. Rd3 e6 16. Nf4 g5 17. Ng6 Rf6 18. h5 Rf7 19. Rad1 Qe8 20. g4 Nf6 21.
Bxg5 hxg5 22. Nxg5 Nxg4 23. Rg3 Rf6 24. d5 e5 25. Bh3 Nb3 26. e3 Nc5 27.
Kg2 e4 28. Rd4 Nd3 29. Bxg4 Ne1+ 0-1

[Event "Charity Cup - Preliminari"]
[Site "Internet"]
[Date "20.03.2022"]
[Round "6"]
[White "Carlsen, Magnus"]
[Black "Navara, David"]
[Result "0-1"]
[WhiteElo "2864"]
[BlackElo "2700"]
[EventDate "2022.03.19"]

1. e4 e5 2. Nf3 Nc6 3. Bb5 Nf6 4. d3 Bc5 5. Bxc6 dxc6 6. Nbd2 Nd7 7. Nc4 f6
8. Bd2 Nb6 9. Na5 Qe7 10. a3 Bd6 11. Be3 c5 12. Nd2 O-O 13. O-O Rb8 14. c3
Kh8 15. b4 Bd7 16. Qc2 Na4 17. bxc5 Nxc5 18. d4 Ba4 19. Qa2 exd4 20. Bxd4
b6 21. Nac4 Bf4 22. g3 Bxd2 23. Nxd2 Rfd8 24. Rfe1 Nd3 25. Re3 Nxf2 26.
Kxf2 c5 27. Qc4 Qe8 28. Nf3 cxd4 29. cxd4 Rbc8 30. Qd3 Rc2+ 31. Kg1 Rdc8
32. Rae1 Bb5 33. Qd1 Qd7 34. d5 Rb2 35. e5 Qh3 36. Nd2 fxe5 37. Rxe5 h6 38.
d6 Bc6 39. Qe2 Rd8 40. Re6 Qf5 41. Re5 Qf6 42. Qd3 Rf8 43. Qd4 Rxd2 44.
Qxd2 Qf3 0-1

[Event "Charity Cup - Preliminari"]
[Site "Internet"]
[Date "20.03.2022"]
[Round "7"]
[White "Navara, David"]
[Black "Niemann, Hans Moke"]
[Result "1-0"]
[WhiteElo "2700"]
[BlackElo "2642"]
[EventDate "2022.03.19"]

1. e4 e5 2. Nf3 Nc6 3. Bc4 Nf6 4. d3 Bc5 5. c3 O-O 6. O-O d5 7. exd5 Nxd5
8. a4 a5 9. Re1 Bg4 10. h3 Bh5 11. Nbd2 Nb6 12. Bb5 Bd6 13. Ne4 f5 14. Ng3
Bxf3 15. Qxf3 Ne7 16. Qxb7 Rb8 17. Qa6 c6 18. Bc4+ Kh8 19. Bg5 h6 20. Bxe7
Qxe7 21. Qxa5 Qc7 22. b4 Ra8 23. Ba6 f4 24. Ne4 Rxa6 25. Qxa6 Ra8 26. Qxb6
Qxb6 27. Nxd6 Qc7 28. Nc4 f3 29. g3 Qd7 30. Nxe5 Qxh3 31. Nxf3 Rf8 32. Ne5
Rf5 33. Ng6+ Kh7 34. Re4 Rh5 35. Rh4 Rxh4 36. Nxh4 Qe6 37. c4 Qe5 38. Rf1
Qc3 39. b5 cxb5 40. cxb5 Qb4 41. Ng2 Qxa4 42. Ne3 Qxb5 43. d4 Kg6 44. d5
Kf7 45. Rd1 Ke8 46. Nf5 Kd7 47. Nxg7 Qb3 48. Rd4 Qb2 49. Ne6 Kd6 50. Kg2
Qc3 51. Rh4 Kxd5 52. Rxh6 Kd6 53. Nf4+ Kd7 54. Re6 Qd4 55. Re3 Qf6 56. Re4
Qc6 57. f3 Qc2+ 58. Kh3 Qb3 59. Kg2 Qc2+ 60. Ne2 Qc5 61. g4 Qg5 62. Kg3 Qh6
63. f4 Qc6 64. Re5 Qh1 65. g5 Qe1+ 66. Kg4 Qb1 67. f5 Qb2 68. Re6 Qb4+ 69.
Kh5 Qf8 70. Ng3 Qh8+ 71. Kg4 Qd4+ 72. Re4 Qd1+ 73. Kh3 Qa1 74. g6 Qh8+ 75.
Kg4 Qa1 76. Kh3 Qg7 77. Nh5 Qa1 78. Kh4 Qh1+ 79. Kg5 Qc1+ 80. Rf4 Ke8 81.
f6 Qc5+ 82. Kh6 Qf8+ 83. Kh7 Kd7 84. f7 Ke6 85. g7 1-0

[Event "Charity Cup - Preliminari"]
[Site "Internet"]
[Date "20.03.2022"]
[Round "7"]
[White "Lei Tingjie"]
[Black "Ding Liren"]
[Result "0-1"]
[WhiteElo "2535"]
[BlackElo "2799"]
[EventDate "2022.03.19"]

1. e4 d6 2. d4 Nf6 3. Nc3 e5 4. Nf3 Nbd7 5. g3 Be7 6. Bg2 O-O 7. O-O c6 8.
Re1 b5 9. b3 Re8 10. Bb2 Qc7 11. Qd2 Bb7 12. Rad1 Bf8 13. Nh4 g6 14. Ne2
Rad8 15. Bc3 Bg7 16. Ba5 Nb6 17. Qd3 d5 18. exd5 e4 19. Qd2 cxd5 20. Bh3
Bc8 21. Bxc8 Rxc8 22. Ng2 Qxc2 23. Qb4 Qc6 24. Rc1 Qd7 25. Nc3 Bh6 26. Ne3
Ng4 27. Nxg4 Qxg4 28. Bxb6 Bxc1 29. Nxd5 Qf5 30. Qd6 Bg5 31. Bc7 Qe6 32. h4
Bd8 33. Qc5 a6 34. Kh2 Bxc7 35. Nxc7 Qe7 36. Qxe7 Rxe7 37. Nd5 Re6 38. Ne3
Rd6 39. d5 f5 40. Rd1 Kf7 41. Rd4 Kf6 42. a4 Ke5 43. Rb4 Rc5 44. axb5 axb5
0-1

[Event "Charity Cup - Preliminari"]
[Site "Internet"]
[Date "20.03.2022"]
[Round "7"]
[White "Van Foreest, Jorden"]
[Black "Harikrishna, Pentala"]
[Result "1/2-1/2"]
[WhiteElo "2714"]
[BlackElo "2716"]
[EventDate "2022.03.19"]

1. e4 e5 2. Nc3 Nf6 3. Bc4 Nxe4 4. Qh5 Nd6 5. Bb3 Be7 6. Nd5 c6 7. Nxe7
Qxe7 8. d4 Ne4 9. Qxe5 Qxe5 10. dxe5 d5 11. exd6 Nxd6 12. Bf4 Ne4 13. Nf3
O-O 14. Be3 Nd7 15. O-O-O Ndc5 16. Bc4 Be6 17. Be2 a5 18. a3 Rfe8 19. Rhe1
b5 20. Nd4 b4 21. Nxe6 Nxe6 22. Bf3 f5 23. g4 bxa3 24. bxa3 Nc7 25. gxf5
Nd5 26. Bd4 Nd6 27. Re5 Rad8 28. Bxd5+ cxd5 29. Rxd5 Nc4 30. Rc5 Rc8 31.
Rxc8 Rxc8 32. Rd3 Re8 33. Bc3 Re4 34. Rg3 Rf4 35. Rxg7+ Kf8 36. Rc7 Nxa3
37. Be5 Rc4 38. Bd6+ Kg8 39. Rb7 Rxc2+ 40. Kd1 Rc3 41. Ke2 Nc4 42. Rc7 Rc2+
43. Kf3 Nd2+ 44. Ke3 Nc4+ 45. Kd3 Rd2+ 46. Kxc4 Rxd6 47. Ra7 Rd2 48. f4 h5
49. h4 Rd1 50. Rxa5 Kf7 51. Ra6 Rd2 52. Kc5 Rd1 53. Rh6 Rd2 54. Kc4 Rd1 55.
Kc3 Kg7 56. Rg6+ Kf7 57. Ra6 Rd5 58. f6 Kg6 59. Re6 Rf5 60. Re4 Rxf6 61.
Kd3 Kf5 62. Ke3 Kg4 63. Re8 Kxh4 64. Rg8 Kh3 65. Ke4 Ra6 66. f5 Ra4+ 67.
Ke5 Ra5+ 68. Ke6 Ra6+ 69. Kf7 h4 70. f6 Kh2 71. Kg7 h3 72. f7 Ra7 73. Kg6
Rxf7 74. Kxf7 Kh1 75. Kf6 h2 76. Kg5 Kg2 77. Kf4+ Kf2 78. Ra8 h1=Q 79. Ra2+
Kg1 80. Ra1+ Kg2 81. Rxh1 Kxh1 1/2-1/2

[Event "Charity Cup - Preliminari"]
[Site "Internet"]
[Date "20.03.2022"]
[Round "7"]
[White "Anton, David"]
[Black "Duda, Jan-Krzysztof"]
[Result "1/2-1/2"]
[WhiteElo "2694"]
[BlackElo "2750"]
[EventDate "2022.03.19"]

1. d4 Nf6 2. Nf3 d5 3. e3 e6 4. Bd3 c5 5. b3 b6 6. O-O Be7 7. Bb2 O-O 8.
dxc5 Bxc5 9. Nbd2 Bb7 10. c4 dxc4 11. Nxc4 Qe7 12. a3 a5 13. Qe2 Rd8 14.
Rfd1 Nbd7 15. Nd4 Rac8 16. h3 Nf8 17. Nc2 Nd5 18. Ne1 Ng6 19. Qh5 f5 20. g3
Qc7 21. Nf3 b5 22. Nce5 Nf6 23. Qg5 Rxd3 24. Rxd3 Ne4 25. Qh5 Nf6 26. Qg5
Ne4 27. Qh5 Nf6 28. Qg5 1/2-1/2